Vlastné imanie podnikateľskej účtovnej jednotky podľa slovenskej právnej úpravy.

Objasnenie vecnej podstaty vlastného imania, t.j. zložky poskytujúcej informácie o finančnej situácii podnikateľskej účtovnej jednotky, podľa právnej úpravy účtovníctva v Slovenskej republike. Charakteristika a základné zložky vlastného imania.

Na minha lista:
Detalhes bibliográficos
Autor principal: Juríková, Renáta
Outros Autores: Szász, Marek
Formato: Capítulo de Livro
Idioma:eslovaco
Assuntos:
Tags: Adicionar Tag
Sem tags, seja o primeiro a adicionar uma tag!

MARC

LEADER 00000naa$a2200000$$$4500
001 0004359
005 20231005082643.4
041 0 |a slo 
044 |a SK 
245 1 0 |a Vlastné imanie podnikateľskej účtovnej jednotky podľa slovenskej právnej úpravy.  |c Renáta Juríková, Marek Szász 
520 |a Objasnenie vecnej podstaty vlastného imania, t.j. zložky poskytujúcej informácie o finančnej situácii podnikateľskej účtovnej jednotky, podľa právnej úpravy účtovníctva v Slovenskej republike. Charakteristika a základné zložky vlastného imania. 
610 2 0 |a imanie vlastné 
610 2 0 |a pojmy 
610 2 0 |a aproximácia práva 
610 2 0 |a Slovensko 
610 2 0 |a úpravy právne 
610 2 0 |a účtovníctvo 
610 2 0 |a zdroje finančné 
100 1 |a Juríková, Renáta 
700 1 |a Szász, Marek